000 00220nam a22000857a 4500
008 170616b xxu||||| |||| 00| 0 eng d
100 _93462
_aKashyap. S. C
245 _aOur Political system
260 _aNew Delhi
_bN. B. T
_c2009
999 _c6836
_d6836